Biggest Countries Without a 'D' by Population - Statistics

General Stats
  • This quiz has been taken 84 times
  • The average score is 17 of 20
Answer Stats
Population Country % Correct
1,382 mill China
99%
146 mill Russia
97%
207 mill Brazil
96%
82.8 mill Germany
96%
92.8 mill Egypt
93%
67 mill France
93%
126 mill Japan
93%
122 mill Mexico
93%
196 mill Pakistan
93%
60 mill Italy
92%
191 mill Nigeria
88%
103 mill Philippines
88%
55 mill South Africa
85%
104 mill Ethiopia
84%
80 mill Iran
84%
51 mill South Korea
84%
92.7 mill Vietnam
83%
79 mill Turkey
81%
56 mill Tanzania
59%
54 mill Myanmar
55%
No matching quizzes found
Score Distribution
Percent of People with Each Score
Percentile by Number Answered
Your Score History
You have not taken this quiz